000 00500pab a2200169 454500
008 180718b2000 xxu||||| |||| 00| 0 eng d
100 _aGeorge, T.M.
245 _aTertiarisation of employment in Kerala: role of employment generation programmes
260 _c2000
300 _ap.907-15
362 _aOct-Dec
650 _aEmployment creation - India - Kerala
650 _aEmployment - India - Kerala
650 _aEmployment
773 _aIndian Journal of Labour Economics
909 _a47283
999 _c47283
_d47283